000 00658nam a22001937a 4500
008 151127b xxu||||| |||| 00| 0 eng d
020 _a978129206052
082 _22015
_aDC 657.0285
_bR766
100 _9619
_aRomney, Marshall B.
245 _aAccounting Information System/
_cMarshall B. Romney
260 _aBoston:
_bPearson Education,
_cc2015.
300 _a734 pages
_bColored illustration
_c27.5cm
500 _aIncludes glossary and index
650 0 _9639
_aAccounting
_xData Processing
650 0 _9640
_aInformation Storage and Retrieval Systems
_xAccounting
700 _9643
_aPaul John Steinbart
_eAuthor
365 _b1,828
_cPhp
942 _2ddc
_cDC
999 _c283
_d283